LIBRARY & INFORMATION CENTRE, KCAET, TAVANUR

ONLINE PUBLIC ACCESS CATALOGUE (OPAC)

Applied mechanics / (Record no. 11032)

MARC details
000 -LEADER
fixed length control field 00526cam a2200217ua 4500
041 ## - LANGUAGE CODE
Language code of text/sound track or separate title eng
082 ## - DEWEY DECIMAL CLASSIFICATION NUMBER
Classification number 620.1
Item number RAM/AP
100 ## - MAIN ENTRY--AUTHOR NAME
Personal name Ramchandra, .
245 ## - TITLE STATEMENT
Title Applied mechanics /
250 ## - EDITION STATEMENT
Edition statement 3 /
260 ## - PUBLICATION, DISTRIBUTION, ETC. (IMPRINT)
Place of publication New Delhi :
Name of publisher Standard publishers Distributors ,
Year of publication 1993.
300 ## - PHYSICAL DESCRIPTION
Number of Pages 909 ; .
942 ## - ADDED ENTRY ELEMENTS (KOHA)
Koha item type Books
Holdings
Withdrawn status Lost status Damaged status Home library Current library Date acquired Full call number Accession Number Koha item type
      KAUAET KAUAET 07/04/2012 620.1 RAM/AP 19306 Books
      KAUAET KAUAET 07/04/2012 620.1 RAM/AP 19305 Books
      KAUAET KAUAET 07/04/2012 620.1 RAM/AP 19304 Books
      KAUAET KAUAET 07/04/2012 620.1 RAM/AP 19303 Books
free website counter